000 00558nam a2200181 i 4500
001 100578
003 ES-MaACL
005 20230906182711.0
007 t|
008 050929s1954 sp ||||1| spa d
100 1 _aMasters, John.
_978869
245 1 0 _aFugitivos en la noche de Bengala /
_cJohn Masters; [versión española de Mª Concepción Salvat].
250 _a[1ª ed.].
260 _aBarcelona :
_bLuis de Caralt,
_c1954.
300 _a348 p. ;
_c21 cm.
700 1 _aSalvat, María Concepción.
_9102116
852 _aES-MaACL
_jC-10550
_bR.36968
999 _c100578
_d100578